000 00314nam a22001337a 4500
999 _c55045
_d55045
008 200205b ||||| |||| 00| 0 eng d
041 _aeng
080 _2043.3
_a043.3
082 _a043.3
100 _a0
101 _aBTH
245 _aTrajtimi i kijosqeve në sheshin e Kamenicës
_cMehmeti,B
942 _2udc
_cBK